Far Cry 3 Characters Quiz - Statistics

General Stats
  • This quiz has been taken 551 times
  • The average score is 10 of 15
Answer Stats
Hint Answer % Correct
Main Protagonist Jason Brody
97%
Tells you the definition of instanity Vaas Montenegro
95%
Main Antagonist Hoyt Volker
80%
Tries to convince you to stay on the island Citra Talugmai
77%
Younger brother of main protagonist Riley Brody
72%
Rescues you in the first mission Dennis Rogers
69%
Older brother of Main protagonist Grant Brody
67%
American C.I.A operative Willis Huntley
62%
Girlfriend of main protagonist Liza Snow
61%
German who works with the above Sam Becker
57%
Derranged Hitman Buck Hughes
55%
Stoner friend of Main protagonist Oliver Carswell
55%
First friend you rescue Daisy Lee
52%
Investment banker friend of Main protagonist Keith Ramsay
47%
Chemist who is always high on mushrooms Dr Alec Earnhardt
42%
No matching quizzes found
Score Distribution
Percent of People with Each Score
Percentile by Number Answered
Your Score History
You have not taken this quiz